The world book encyclopedia; Vol. 15. (Record no. 1071)

000 -LEADER
fixed length control field 00768nam a2200205 a 4500
001 - CONTROL NUMBER
control field :::00017054$&:&@@
003 - CONTROL NUMBER IDENTIFIER
control field OkBaRHE
005 - DATE AND TIME OF LATEST TRANSACTION
control field 20100326130213.0
008 - FIXED-LENGTH DATA ELEMENTS--GENERAL INFORMATION
fixed length control field s1997 j 000 0 eng u
020 ## - INTERNATIONAL STANDARD BOOK NUMBER
International Standard Book Number 0716600970 (set)
040 ## - CATALOGING SOURCE
Transcribing agency
245 14 - TITLE STATEMENT
Title The world book encyclopedia; Vol. 15.
260 ## - PUBLICATION, DISTRIBUTION, ETC. (IMPRINT)
Place of publication, distribution, etc Chicago, IL.,
Name of publisher, distributor, etc World Book
Date of publication, distribution, etc 1997
300 ## - PHYSICAL DESCRIPTION
Extent 22 v. : ill. (some col.) ;
Dimensions 26 cm.
520 ## - SUMMARY, ETC.
Summary, etc An encyclopedia designed especially to meet the needs of elementary, junior high, and senior high school students.
650 ## - SUBJECT ADDED ENTRY--TOPICAL TERM
Topical term or geographic name as entry element Encyclopedias and dictionaries.
700 ## - ADDED ENTRY--PERSONAL NAME
Personal name World Book, Inc.
942 ## - ADDED ENTRY ELEMENTS (KOHA)
Source of classification or shelving scheme
Koha item type Books
Copies
Current Location Date last seen Full call number Permanent Location Copy number Lost status Source of classification or shelving scheme Barcode Shelving location Damaged status Withdrawn status Price effective from Koha item type Collection code Not for loan
RHEMA Bible Training College2018-01-09AE 5 .W55 v.15 1997RHEMA Bible Training College1  17054General Stacks  2010-04-14BooksReference